Land condition records: log books for land (Record no. 68078)

MARC details
000 -LEADER
fixed length control field 01259cam a2200253 4500
001 - CONTROL NUMBER
control field ABS64370
008 - FIXED-LENGTH DATA ELEMENTS--GENERAL INFORMATION
fixed length control field 010823n2001 000 0 eng u
035 ## - SYSTEM CONTROL NUMBER
System control number (Sirsi) u114318
100 ## - MAIN ENTRY--PERSONAL NAME
Personal name Evers, A
245 ## - TITLE STATEMENT
Title Land condition records: log books for land
260 ## - PUBLICATION, DISTRIBUTION, ETC.
Date of publication, distribution, etc. 2001
490 ## - SERIES STATEMENT
Series statement CSM
-- Chartered Surveyor Monthly
Volume/sequential designation (7&8) July/August 2001, 33(1)
520 ## - SUMMARY, ETC.
Summary, etc. Report on the Land Condition Record (LCR), a standardised land condition record, created by a working group of government bodies, insurers, property developers and professional bodies, which is intended to provide a consistent system of reporting on land history. The LCR scheme is a government initiative, developed out of the Urban Task Force report, "Towards an urban renaissance" and the Urban White Paper, aimed at building confidence in investing in contaminated land and brownfield sites by providing definite information on what has been done at the site, including clean-up operations.
590 ## - LOCAL NOTE (RLIN)
Local note ABS
650 ## - SUBJECT ADDED ENTRY--TOPICAL TERM
Topical term or geographic name entry element BROWNFIELD SITES
650 ## - SUBJECT ADDED ENTRY--TOPICAL TERM
Topical term or geographic name entry element CONTAMINATED LAND
650 ## - SUBJECT ADDED ENTRY--TOPICAL TERM
Topical term or geographic name entry element INVESTMENT
650 ## - SUBJECT ADDED ENTRY--TOPICAL TERM
Topical term or geographic name entry element LAND CONDITION RECORDS
650 ## - SUBJECT ADDED ENTRY--TOPICAL TERM
Topical term or geographic name entry element GOVERNMENT POLICY
650 ## - SUBJECT ADDED ENTRY--TOPICAL TERM
Topical term or geographic name entry element REGENERATION
690 ## - LOCAL SUBJECT ADDED ENTRY--TOPICAL TERM (OCLC, RLIN)
Topical term or geographic name as entry element ENVIRONMENT-CONTAMINATION
700 ## - ADDED ENTRY--PERSONAL NAME
Personal name Cuckson, D
942 ## - ADDED ENTRY ELEMENTS (KOHA)
Suppress in OPAC 0
Holdings
Withdrawn status Lost status Source of classification or shelving scheme Damaged status Not for loan Home library Current library Shelving location Date acquired Total Checkouts Full call number Barcode Date last seen Copy number Price effective from Koha item type
    Dewey Decimal Classification     London London Journal article 23/08/2001   ABS64370 114318-1001 06/08/2019 1 06/08/2019 Journal article